[Event "2nd Silman TNM: 2000+"]
[Site "San Francisco"]
[Date "2025.05.13"]
[Round "2.5"]
[White "Bambou, Christophe"]
[Black "Suarez, Sebastian"]
[Result "0-1"]
[Annotator "Winslow,Elliott"]
[WhiteElo "2119"]
[BlackElo "2200"]
[PlyCount "114"]
[Beauty "6529155596808"]
[GameId "2177611393659036"]
[EventDate "2025.??.??"]

{[%evp
9,114,5,8,4,8,4,7,0,15,13,15,4,11,13,13,15,23,19,25,10,20,-7,0,-6,0,-17,-26,-57,-18,-140,-145,-148,-23,-11,0,0,0,0,0,0,0,0,0,-3,-6,-19,0,0,0,0,0,0,0,0,0,0,0,0,0,0,0,0,0,0,0,0,0,0,0,0,23,29,23,19,0,0,0,0,0,0,0,0,0,-624,-576,-29979,-29980,-29980,-29981,-29982,-29982,-29985,-29982,-29985,-29986,-29992,-29990,-29993,-29994,-29995,-29996,-29996,-29996,-29997,-29998,-29998,-29999]}
1. d4 {[%emt 0:00:04]} d5 {[%emt 0:01:37]} 2. Nf3 {[%emt 0:00:16]} Nf6 {[%emt
0:00:05]} 3. e3 {[%emt 0:00:15]} Bf5 {[%emt 0:01:03]} 4. Bd3 {[%emt 0:00:13]}
Bg6 {[%emt 0:02:23]} 5. O-O {[%emt 0:00:17]} e6 {[%emt 0:00:10]} 6. c4 {[%emt
0:01:08] [#] D04: Colle System.} c6 {[%emt 0:00:45]} 7. Qc2 {[%emt 0:03:09]}
Nbd7 {[%emt 0:05:24]} 8. Nbd2 {[%emt 0:03:06] The position is equal.} Bd6
{[%emt 0:02:13]} 9. Bxg6 {[%emt 0:02:58]} hxg6 {[%emt 0:00:03]} 10. e4 {[%emt
0:00:11]} Nxe4 {[%emt 0:03:24]} 11. Nxe4 {[%emt 0:00:06]} dxe4 {[%emt 0:02:42]}
12. Qxe4 {[%emt 0:02:18]} Qc7 {[%emt 0:00:57]} 13. g3 {[%emt 0:03:47] [#]} O-O
$146 {[%emt 0:01:39] Not much happening anymore} (13... Nf6 14. Qe2 O-O-O 15.
c5 Bf8 16. Bf4 Qe7 17. Bg5 Rd5 18. b4 Qe8 19. Rab1 Be7 20. b5 Ng8 21. Bf4 f6
22. Qxe6+ Qd7 23. bxc6 {1-0 (23) Sheers,M (2276)-Lonyuk,B (1770) LSS email
2021}) 14. Bd2 {[%emt 0:11:23][%cal Bc1d2,Bd2c3,Bc3d4][%mdl 32]} (14. c5 $5 Be7
$8 15. Bf4 $11) 14... Rfe8 {[%emt 0:12:48]} (14... c5 15. dxc5 Nxc5 16. Qe2 a5)
15. Qh4 {[%emt 0:03:07]} e5 {[%emt 0:12:27]} (15... c5 {simplifies} 16. Bf4
Bxf4 17. Qxf4 Qxf4 18. gxf4 cxd4 19. Rfd1 Rad8) 16. Ng5 {[%emt 0:14:01]} Nf8
{[%emt 0:01:58] Inhibits Qh7+. Successful Defense Black} 17. Bc3 {[%emt
0:24:22]} exd4 {[%emt 0:04:18]} 18. Bxd4 {[%emt 0:01:23]} Be7 {[%emt 0:07:02]}
(18... c5 $15 {deserves consideration.} 19. Bc3 Be5) 19. Qg4 {[%emt 0:09:40]}
(19. Bc3 $11) 19... Bxg5 $17 {[%emt 0:13:20]} 20. Qxg5 {[%emt 0:00:19] [#]} Ne6
{[%emt 0:00:07]} (20... Re4 $1 $17 21. Bc3 Ne6 (21... Rxc4 22. Qe3 $17)) 21.
Qe5 $11 {[%emt 0:08:13]} Qxe5 {[%emt 0:00:06]} 22. Bxe5 {[%emt 0:00:03]} Rad8
{[%emt 0:02:04]} 23. Rad1 {[%emt 0:02:22]} f6 {[%emt 0:01:12]} 24. Bc3 g5
{[%emt 0:01:07]} 25. f3 {[%emt 0:01:10]} Kf7 {[%emt 0:00:21]} 26. Kg2 {[%emt
0:01:19]} b6 {[%emt 0:01:29]} 27. Rfe1 {[%emt 0:00:57]} Rxd1 {[%emt 0:07:06]}
28. Rxd1 {[%emt 0:00:04]} Rd8 {[%emt 0:00:06]} 29. Rxd8 {[%emt 0:00:27]} Nxd8
{[%emt 0:00:03][%mdl 4096] Endgame KB-KN} 30. Kf2 {[%emt 0:00:40]} Ke6 {[%emt
0:00:54]} 31. Ke3 {[%emt 0:00:30]} Nf7 {[%emt 0:01:03]} 32. b3 {[%emt 0:00:17]}
Nd6 {[%emt 0:04:11]} 33. g4 {[%emt 0:00:57]} Nc8 {[%emt 0:05:53]} 34. f4 {[%emt
0:00:40]} gxf4+ {[%emt 0:01:15]} 35. Kxf4 {[%emt 0:00:05]} Ne7 {[%emt 0:01:45]}
36. h4 {[%emt 0:01:02][%cal Bh2h4,Bh4h5,Bh5h6][%mdl 32]} Ng6+ {[%emt 0:00:12]}
37. Kg3 {[%emt 0:00:07]} Ne5 {[%emt 0:00:17]} 38. h5 {[%emt 0:01:25]} Nd3
{[%emt 0:01:59]} 39. g5 {[%emt 0:02:12]} Kf5 {[%emt 0:00:24]} 40. gxf6 {[%emt
0:01:23]} gxf6 {[%emt 0:00:04]} 41. h6 {[%emt 0:00:20] Black must now prevent
h7.} Kg6 {[%emt 0:00:03]} 42. a4 {[%emt 0:02:30]} Nc5 {[%emt 0:00:16]} (42...
Kxh6 43. Bxf6 Nc5 44. Kf4) 43. Kf4 {[%emt 0:01:24] Prevents Ne4} Nxb3 {[%emt
0:00:25]} 44. h7 {[%emt 0:00:13][%mdl 64] Deflection} Kxh7 {[%emt 0:00:04]} 45.
Bxf6 {[%emt 0:00:02]} Kg6 {[%emt 0:00:14]} 46. Bd8 {[%emt 0:00:23][%mdl 8192]
[#]} (46. Ke5 $11) 46... Nc5 $1 $19 {[%emt 0:00:18] Hoping for ...Ne6+.} 47. a5
{[%emt 0:01:21]} Ne6+ {[%emt 0:03:24] Black mates.} 48. Ke5 Nxd8 {[%emt
0:00:08] KN-KPP} 49. a6 {[%emt 0:00:04]} Kf7 {[%emt 0:02:51]} 50. Kd6 {[%emt
0:00:18]} Ke8 {[%emt 0:00:43]} 51. Kc7 {[%emt 0:00:41]} b5 {[%emt 0:00:48]} 52.
c5 {[%emt 0:00:29]} b4 {[%emt 0:00:20]} 53. Kb8 {[%emt 0:00:09]} b3 {[%emt
0:00:11]} 54. Ka8 {[%emt 0:01:35]} b2 {[%emt 0:00:06]} 55. Kb8 {[%emt 0:00:18]}
b1=Q+ {[%emt 0:00:31]} 56. Ka8 {[%emt 0:00:09]} Kd7 {[%emt 0:00:25]} 57. Kxa7
{[%emt 0:00:20]} {Weighted Error Value: White=0.37/Black=0.09 (flawless)} Kc7
{[%emt 0:00:07]} 0-1

[Event "2nd Silman TNM: 2000+"]
[Site "San Francisco"]
[Date "2025.05.13"]
[Round "2.6"]
[White "Diller, Bradley R"]
[Black "Cremisi, Daniel"]
[Result "1/2-1/2"]
[Annotator "TA"]
[WhiteElo "2070"]
[BlackElo "2380"]
[PlyCount "71"]
[Beauty "6391985078792"]
[GameId "2177610528694364"]
[EventDate "2025.??.??"]

{[%evp
0,71,7,11,2,0,29,6,15,21,20,19,10,7,37,30,49,48,48,54,49,89,57,33,48,6,28,61,65,65,15,68,62,50,1,39,57,80,147,63,124,32,51,62,45,40,46,55,50,-11,-98,-20,-34,-20,64,65,70,64,74,87,86,16,25,19,70,-2,34,-8,70,-13,250,6,0,0]}
1. c4 {[%emt 0:00:02]} e5 {[%emt 0:00:37]} 2. g3 {[%emt 0:00:17]} g6 {[%emt
0:00:08]} 3. Bg2 {[%emt 0:00:29]} Bg7 {[%emt 0:00:07]} 4. Nc3 {[%emt 0:00:26]}
Ne7 {[%emt 0:00:18]} 5. e3 {[%emt 0:00:54]} c6 {[%emt 0:01:34]} 6. d4 {[%emt
0:00:57]} d6 {[%emt 0:03:05]} 7. Nge2 {[%emt 0:01:12]} Qc7 {[%emt 0:00:50]} 8.
O-O {[%emt 0:01:04]} O-O {[%emt 0:01:14]} 9. b3 {[%emt 0:05:54] [#] A21:
English Opening: 1...e5 2 Nc3.} Na6 $146 {[%emt 0:02:17]} ({Predecessor:} 9...
a5 10. Ba3 Rd8 11. Qd2 Na6 12. Rfd1 Nb4 13. dxe5 Bxe5 14. Rac1 Bg4 15. h3 Bxe2
16. Nxe2 {1-0 Bryzgalin,K (2450)-Vavulin,M (2442) RUS-chT rapid Sochi 2015
(5.26)}) 10. Ba3 {[%emt 0:05:31]} Rd8 {[%emt 0:01:14]} 11. Rc1 {[%emt 0:07:27]
White is slightly better.} exd4 {[%eval 104,27] [%wdl 535,464,1] [%emt
0:04:39]} (11... Bg4 $14 {[%eval 62,25] [%wdl 203,794,3]}) 12. Nxd4 $16 {[%emt
0:05:58]} (12. exd4 Bg4 $14) 12... Qa5 {[%emt 0:03:49]} 13. Bb2 {[%emt
0:01:10]} Nf5 {[%emt 0:00:49]} 14. a3 {[%eval 72,26] [%wdl 256,742,2] [%emt
0:02:30]} ({White should try} 14. Nde2 {[%eval 125,23] [%wdl 718,282,0]}) 14...
Nxd4 {[%emt 0:02:03]} 15. exd4 {[%emt 0:00:41][%cal Be3d4,Bd4d5][%mdl 32]} Nc7
{[%emt 0:01:10]} 16. b4 {[%eval 50,26] [%wdl 101,897,2] [%emt 0:04:17]} (16. d5
$16 {[%eval 96,20] [%wdl 459,541,0]}) 16... Qf5 {[%eval 90,22] [%wdl 398,602,0]
[%emt 0:00:33]} (16... Qh5 $14 {[%eval 50,26] [%wdl 101,897,2] is superior.})
17. d5 {[%emt 0:02:04]} Bd7 {[%emt 0:03:21]} 18. Qd2 {[%eval 38,27] [%wdl
64,933,3] [%emt 0:01:12]} (18. Be4 $16 {[%eval 95,27] [%wdl 448,552,0]} Qe5 19.
Re1) 18... Qe5 {[%eval 204,19] [%wdl 989,11,0] [%emt 0:14:04]} (18... cxd5 $1
$14 {[%eval 38,27] [%wdl 64,933,3]} 19. Nxd5 Nxd5) 19. Rc2 {[%emt 0:11:41] [#]}
Qd4 {[%eval 265,26] [%wdl 999,1,0] [%emt 0:01:14]} (19... Qe8 {[%eval 171,25]
[%wdl 957,43,0] was called for.} 20. Ne4 Bxb2) 20. Ne4 $2 {[%eval 12,28] [%wdl
22,970,8] [%emt 0:00:25]} ({Only move:} 20. Qc1 $1 $18 {[%eval 265,26] [%wdl
999,1,0]} Qg4 (20... Qxc4 $2 {perishes.} 21. dxc6 bxc6 22. Nd5 $18) 21. Ne4
cxd5 22. Nxd6) 20... Qxd2 $11 {[%emt 0:00:18]} 21. Rxd2 {[%emt 0:00:02] And now
Bxg7 would win.} Bxb2 {[%emt 0:02:05]} 22. Rxb2 {[%emt 0:00:01]} Ne8 {[%emt
0:03:05]} 23. Rd2 {[%emt 0:06:49]} Rac8 {[%emt 0:01:47][%cal
Ba8c8,Bc8c3,Bc3a3,Ba3a5][%mdl 32]} 24. c5 {[%emt 0:07:23]} cxd5 {[%emt 0:02:01]
The position is equal.} 25. Nxd6 {[%emt 0:00:43]} Nxd6 {[%emt 0:00:25]} 26.
cxd6 {[%emt 0:00:01]} Rc3 {[%emt 0:03:02]} 27. Bxd5 {[%emt 0:01:47]} Rxa3
{[%emt 0:00:35]} 28. Re1 {[%emt 0:07:30][%cal Od2d4]} Bc6 {[%emt 0:02:47]} 29.
Bxc6 {[%emt 0:00:06]} bxc6 {[%emt 0:00:09][%mdl 4096] Endgame KRR-KRR} 30. Re7
{[%emt 0:00:03]} a5 {[%emt 0:03:49]} 31. bxa5 {[%emt 0:00:07]} Rxa5 {[%emt
0:00:12]} 32. Rc7 {[%emt 0:03:42]} Rc5 {[%emt 0:00:53]} 33. d7 {[%emt 0:01:14]}
Kf8 {[%emt 0:01:02]} 34. Rd6 {[%emt 0:00:17]} Rd5 {[%emt 0:02:21]} 35. Rdxc6
{[%emt 0:00:35]} (35. Rcxc6 Rxd6 (35... Rxd7 36. Rxd5 Rxd5 37. h3 $11) 36. Rxd6
Ke7) 35... R5xd7 {[%emt 0:00:19]} 36. Rxd7 {[%emt 0:00:08]} 1/2-1/2

[Event "2nd Silman TNM: 2000+"]
[Site "San Francisco"]
[Date "2025.05.13"]
[Round "2.8"]
[White "Sawhney, Yuvraj Singh"]
[Black "Clemens, Kristian"]
[Result "1/2-1/2"]
[Annotator "Clemens,Kristian"]
[WhiteElo "2052"]
[BlackElo "1965"]
[PlyCount "138"]
[Beauty "4678179927561"]
[GameId "2178041943585174"]
[EventDate "2025.??.??"]

{[%evp
0,52,19,31,23,16,27,22,36,31,32,5,7,-31,-57,-20,16,12,13,40,70,76,69,58,116,93,111,117,78,104,25,128,122,142,115,137,130,124,136,91,80,114,1,122,140,110,103,279,129,110,143,135,153,-65,-184]}
1. e4 e5 2. Nf3 Nf6 3. Nxe5 d6 4. Nf3 Nxe4 5. c4 {I vaguely recall looking at
this when I thought I was going to play NM Tenzing Shaw a few years ago, but
from this point on, I was basically improvising.} (5. d3 Nf6 {was our last
game, three years ago in Reno - a relatively easy win for me.}) 5... d5 6. d4
(6. cxd5 Qxd5 7. Nc3 Nxc3 8. bxc3 c5 {...Bg4, ...Nc6, ...Be7, ...O-O, ...Bf6,
rooks on d8 and e8 seems like a decent plan}) 6... Bb4+ 7. Nbd2 {Kavandal -
Clemens, Golden State Open 2024, saw the exact same position with the White
bishop on d3. I continued: 8...Nxd2 9. Bxd2 Qe7+ 10. Qe2 Qxe2+ 11. Bxe2 Bxd2+
12. Nxd2, with a position that the engine preferred for White, although I felt
perfectly comfortable as Black. I won the isolated queen's pawn on move 16
after castling queenside and smoothly converted the endgame. [#]} Qe7 8. Be2
O-O 9. O-O Nxd2 10. Bxd2 dxc4 {[%emt 0:01:19] White: 1:28, Black:} (10... Bxd2
11. Qxd2 dxc4 12. Bxc4 Qd6 13. Ne5 (13. Rfe1 Nd7 {If I was intending to play
against the IQP, and I was, then I should have simply traded pieces and moved
my queen to safety. This position seems totally playable for Black (although
the engine doesn't like it much).}) 13... Be6) 11. Bxc4 Bg4 $2 {Now I thought I
was putting some strategic pressure on White's position, threatening both Bxf3
and Bxd2. In reality, this is too ambitious, since I'm not done with my
development, and White found the refutation:} 12. Re1 {This was the move I
missed, although it's an obvious one. I was starting all my calculations from
the position before this move or the position after trading on b4, but because
I didn't see this move coming (probably I forgot that I had opened the e-file),
I ended up calculating lines that were not actually relevant to the position.}
(12. Bxb4 Qxb4 13. Bxf7+ (13. Qe2 Nc6 14. a3 Qd6 $15) 13... Rxf7 {and the
knight on f3 can't move}) (12. Be2 Bxd2 13. Qxd2 Nc6 $10) 12... Qd6 {[#]} 13.
Bxf7+ $1 Kh8 {I thought I would at least get some counterplay against f3 and
f2, but White kept control nicely:} (13... Kxf7 14. Ne5+ Kg8 15. Bxb4 (15. Nxg4
{this is not the best line for White} Qxd4 16. Qb3+) (15. Qb3+ $1 Be6 16. Qxb4
$16) 15... Qxb4 16. Nxg4 Qxb2 17. Rb1 Qxa2 18. Rxb7 h5 19. Ne3 Qxf2+) (13...
Rxf7 14. Re8+ Rf8 15. Qb3+ Kh8 16. Bxb4 {1-0}) 14. Bxb4 Qxb4 15. Bd5 c6 {White:
59 min, Black: 61. White impressed me multiple times with his patience in this
game, although he later got in time trouble.} 16. Be4 Nd7 (16... Na6 {I gave
this move a lot of thought, with the following trap in mind:} 17. Qd2 Bxf3 18.
Qxb4 Nxb4 19. Bxf3 $2 Nc2) 17. Qd2 Qd6 18. h3 Be6 {[#] This was a trap,
deliberately offering the h7 pawn:} 19. Ng5 {White spent 15 of his 46 minutes
here. I intentionally made my next move quickly to cement the time advantage:
White: 31 min, Black: 44.} (19. Bxh7 $2 Rxf3 $1 20. gxf3 (20. Rxe6 Qxe6 21.
gxf3 Kxh7 22. Kg2 Qg6+ 23. Kh2 Rf8 24. Qe3 Qf5 $19 {and I would try to play my
knight to f4 with a huge attack}) 20... Kxh7 21. Kg2 Rf8 {sometimes I say
"missing g-pawn with queens on means mate", but in this case, I think White is
going to face a strong attack from all of Black's pieces, and even if it
doesn't end in mate, White's king position is very open.}) 19... Bg8 20. Bc2
Nf6 21. Ne4 Nxe4 (21... Qd5 22. Nxf6 Rxf6 23. Bb3 Qd7 24. Bxg8 Kxg8 $16) (21...
Qd7 22. Nc5 Qc7 23. Bb3 {fighting for the e6 square so that a knight doesn't
land there} Nd5 24. Bxd5 Bxd5 {with a promising strategic position for White,
who can play Ne6 now if he doesn't like the minor piece imbalance (personally,
I would want to put that knight on e5 in conjunction with a3 and b4}) 22. Rxe4
Rad8 23. Qe3 Qf6 {Keeping pressure on f2 and d4, but Black is really doomed to
passivity here. I didn't really want to trade any pieces, but it's also hard to
actually attack anything for Black.} 24. Re5 Qh4 25. Rd1 Rd6 {White: 17 min,
Black: 26 min after I spent 6 min on this move.} (25... Bxa2 $2 26. b3) 26. Re8
{Again I didn't see White's move coming- I was too focused on doubling on the
d- or f-file.} Rxe8 27. Qxe8 {[#]} Rd8 $2 {With b3 coming, I didn't really
consider anything else except Qd8 offering a trade.} (27... Re6 28. Qc8 Re2 $1
{The point is that Black is already attacking f2 with his queen, so this is a
strong double attack, threatening Qxf2 and mate next move.} 29. g3 (29. Qf5 g6
{and the queen is overloaded}) 29... Qf6 30. Qf5 Qxf5 31. Bxf5 Rxb2 $17) 28.
Qe3 Qf6 29. Bb3 {I wasn't sure how to play this position, so I was just trying
to keep control of d5 without allowing White to penetrate to the second or
first rank. White's move gave me an idea: to "allow" trades and try to bail out
into a rook endgame.} h6 30. Bxg8 Kxg8 {[%emt 0:00:16] White: 15 min, Black:}
31. Qb3+ Qf7 32. Qxf7+ Kxf7 33. Kf1 Ke6 34. Ke2 {This is the position I saw
when White played Bb3. [#]} Rd5 {[%emt 0:00:15] White: 15 min, Black:} (34...
Kd5 35. Kd3 Re8 $14 36. Rd2 (36. f3 a5 37. Rc1 b6 $14) 36... Re1) (34... c5 $2
35. dxc5 Rxd1 36. Kxd1 Kd5 37. b4 a5 38. bxa5 Kxc5 39. f4 {with a decisive
majority on the kingside.}) 35. Kd3 Ra5 (35... c5 $2 36. Re1+ Kd6 37. Re4 cxd4
38. Rxd4 {1-0, the pawn endgame is totally lost}) 36. Re1+ Kd6 37. a3 Rg5 38.
g4 Rb5 39. Re2 (39. Kc3 h5 {White is definitely better, but I wanted to create
some opportunities for trading pawns.}) 39... Rb3+ $1 $10 40. Ke4 Rxh3 {Now I
got my pawn back, but I don't think White is the kind of player who takes many
draws, so I didn't bother offering one. White: 14 min, Black: 13, but I burned
3 minutes on my next move. [#]} 41. Kf5 Rh4 (41... g5 {Somehow I overlooked
that my h-pawn is difficult to take in this line- White's d4 pawn is weak, and
Black can try to create counterplay in the center and against the queenside
pawns now that White's king is so far away.}) 42. Re6+ Kd5 43. Rg6 h5 (43...
Rh2 44. f4 Rxb2 45. Rxg7 Kxd4 46. Kg6 Rg2 47. Kxh6 b6 48. f5 $16) 44. Rxg7 hxg4
45. b3 c5 {I knew I was worse, but I figured I didn't have much to lose and
needed to liquidate pawns as quickly as I could. I was down to 3 minutes and
went into "time scramble mode" here. White had about 9-10 minutes for the next
ten moves.} (45... Rh2 46. Rd7# {was the threat}) 46. dxc5 Kc6 (46... Kxc5 47.
Rxb7 a5 48. a4 {White is winning the a-pawn and probably the g-pawn too.}) 47.
Rxg4 Rh3 48. Rg3 Rh5+ 49. Kg6 Rh8 50. Kg7 Rh4 51. b4 Rf4 {[%emt 0:00:04] This
was the point of my rook maneuver- to keep White's king away from the center.
White: 9 min, Black:} 52. f3 a5 53. Rg6+ Kc7 (53... Kb5 54. Rb6+ Kc4 55. Rxb7
{My computer tried to suggest this line, but I discarded it at a glance in the
game.}) 54. Rf6 Rc4 55. f4 axb4 56. axb4 Rxb4 57. f5 Rf4 {[#]} 58. Rf8 $2 {This
gives away the win. White had to "think schematically" to quote the chapter
from Shereshevsky's Endgame Strategy: if the rook is on f6, it impedes the
pawn, so it needs to move. If it goes to f8, Black can take the c5 pawn and run
his b-pawn as in the game. So it needs to go to f7, keeping an eye on b7 and
buying time for the king to defend the f-pawn, and then the f-pawn can advance
and tie up the Black rook.} (58. Rf7+ $1 Kc6 59. f6 Rg4+ (59... Kxc5 60. Rxb7
{1-0: Black can't prevent Re7, achieving the Lucena position in a few moves.})
60. Kh6 Rf4 61. Kg5 Rf1 62. Re7 Kxc5 63. Rxb7 Kd6 64. Re7 $1 {This is the whole
point of the maneuver with Rf7+: White gets a tempo to protect his pawn, and if
Black takes on c5, White crucially takes back on b7 and achieves the Lucena
position.}) (58. Kf7 Rf1 59. Ke6 Re1+ 60. Kd5 Rd1+ 61. Kc4 Rc1+ {I intended to
keep harassing White to gain time on the clock.}) 58... Kc6 59. f6 (59. Rf7
Kxc5 60. Rxb7 Rxf5 {This is the point- the king on g7 is not defending this
pawn, so the rook is overworked.}) 59... Kxc5 60. f7 (60. Rc8+ Kd5) 60... b5
61. Rc8+ Kd4 62. Rc6 Rxf7+ {Now I had it calculated all the way to the end:
[#]} (62... b4 63. Rf6 {I was afraid of this, but this is also just barely a
draw for Black:} Rg4+ 64. Kh6 (64. Rg6 Rf4) 64... Rh4+ 65. Kg5 Rh8) 63. Kxf7 b4
64. Ke6 b3 65. Rb6 Kc3 66. Ke5 b2 67. Ke4 Kc2 68. Ke3 b1=Q 69. Rxb1 Kxb1 {This
was a very narrow escape. My opening play was simply not good enough to survive
against expert-level players, and while I "held on" in the middlegame well, I
think I was lucky to win my pawn back in the rook endgame, and my severe
difficulties in the endgame were also troubling. Only White's subtle slip in
the endgame let me slip away with a draw.} 1/2-1/2

[Event "2nd Silman TNM: 2000+"]
[Site "San Francisco"]
[Date "2025.05.13"]
[Round "2.9"]
[White "Viadiu-Ilarraza, Hector"]
[Black "Liou, Arthur"]
[Result "0-1"]
[WhiteElo "1937"]
[BlackElo "2030"]
[PlyCount "76"]
[Beauty "7770669580813"]
[GameId "2177611393663135"]
[EventDate "2025.??.??"]

1. e4 c5 2. Nc3 d6 3. f4 Nc6 4. Bb5 Bd7 5. Nf3 g6 6. O-O Bg7 7. d3 Nd4 8. Bc4
e6 9. a4 Ne7 10. Nxd4 Bxd4+ 11. Kh1 O-O 12. Nb5 Bxb5 13. axb5 Bg7 14. f5 exf5
15. Bg5 Kh8 16. c3 f6 17. Bh4 Qd7 18. Qb3 fxe4 19. dxe4 Nc8 20. Be6 Qe7 21.
Rae1 Nb6 22. Rf3 Rae8 23. Bd5 Qc7 24. Rd1 Nd7 25. Rdf1 Ne5 26. Rh3 Qd7 27. c4
f5 28. Re1 f4 29. Qd1 f3 30. Rxf3 Nxf3 31. gxf3 Bxb2 32. Bg3 Be5 33. Qd2 Bxg3
34. hxg3 Rxf3 35. e5 Qh3+ 36. Kg1 Qxg3+ 37. Kh1 Qh4+ 38. Kg1 Qg4+ 0-1

[Event "2nd Silman TNM: 2000+"]
[Site "San Francisco"]
[Date "2025.05.13"]
[Round "2.10"]
[White "Seshadri, Sudarshan"]
[Black "Sankar, Arjun"]
[Result "1-0"]
[WhiteElo "2022"]
[BlackElo "1905"]
[PlyCount "65"]
[Beauty "8178288821769"]
[GameId "2177611393663136"]
[EventDate "2025.??.??"]

1. d4 d5 2. Nc3 c6 3. Bf4 Bf5 4. f3 Nf6 5. g4 Bg6 6. h4 h5 7. g5 Nfd7 8. e3 e6
9. Bd3 Bxd3 10. Qxd3 Nb6 11. Nge2 Bd6 12. O-O-O Na6 13. a3 Nc4 14. Bxd6 Qxd6
15. e4 b5 16. exd5 exd5 17. Nb1 O-O 18. Nd2 Rae8 19. Nxc4 dxc4 20. Qd2 Re7 21.
Qf4 Qe6 22. Ng3 c3 23. b3 Nc7 24. Nf5 Rd7 25. Rhe1 Nd5 26. Rxe6 Nxf4 27. Rxc6
g6 28. Nd6 Rb8 29. d5 b4 30. axb4 Rxb4 31. Rc8+ Kh7 32. Ne8 Rb6 33. d6 1-0

[Event "2nd Silman TNM: 2000+"]
[Site "San Francisco"]
[Date "2025.05.13"]
[Round "2.11"]
[White "Zavgorodniy, Andrew"]
[Black "Srinivasan, Sivavishnu"]
[Result "1/2-1/2"]
[WhiteElo "1937"]
[BlackElo "2068"]
[PlyCount "88"]
[Beauty "5910411880456"]
[GameId "2177611393663137"]
[EventDate "2025.??.??"]

1. c4 Nf6 2. g3 e6 3. Bg2 d5 4. Nf3 Be7 5. O-O O-O 6. b3 Nbd7 7. Nc3 b6 8. d4 Bb7 9. Ne1 Re8 10. Bb2 c6 11. e4 dxe4 12. Nxe4 Nxe4 13. Bxe4 Nf6 14. Bg2 Qc7 15. Nd3 Red8 16. Qc2 c5 17. dxc5 Bxg2 18. Kxg2 bxc5 19. Rad1 Nd7 20. Rfe1 Bf6 21. Bxf6 Nxf6 22. f3 Rd4 23. Nf2 Rad8 24. Ne4 Nxe4 25. Rxd4 Rxd4 26. Rxe4 Rd7 27. Re2 Qd8 28. Qe4 h6 29. Kf2 Rd1 30. Re1 Qd2+ 31. Qe2 Qd4+ 32. Qe3 Qb2+ 33. Re2 Qa1 34. Kg2 Rh1 35. Qf2 a5 36. Rd2 Kh7 37. Rd7 Rb1 38. Rd2 Rh1 39. f4 Qb1 40. Re2 Qd1 41. Rd2 Rg1+ 42. Qxg1 Qxd2+ 43. Qf2 Qb4 44. Qc2+ g6 1/2-1/2